| 000 | 00723nam a2200229 a 4500 | ||
|---|---|---|---|
| 999 |
_c12428 _d12428 |
||
| 001 | 12428 | ||
| 003 | BD-JhCC | ||
| 005 | 20220419134021.0 | ||
| 008 | 220215b2019 bg |||| ||a| 000 0 ben d | ||
| 020 | _a9789849386452 | ||
| 035 | _a(BD-JhCC)12428 | ||
| 040 |
_aBD-JhCC _dBD-JhCC |
||
| 041 | _aBengali,Arabic | ||
| 082 |
_a297.63 _bKAR 2019 |
||
| 100 | _aআল-কারনী,ড.আয়িয | ||
| 245 |
_aনবীজি : _bযেমন ছিলেন তিনি / _cড.আয়িয আল-কারনী। |
||
| 260 |
_aঢাকা : _bসমকালীন প্রকাশন; _c২০১৯. |
||
| 300 |
_a182 p. : _c22 cm. |
||
| 600 | _aMohammad,prophet. | ||
| 942 |
_2ddc _cBK _02 |
||